000 00370 a2200145 4500
005 20250828162603.0
008 250828b |||||||| |||| 00| 0 eng d
020 _a9789385360091
082 _a728/PAN
100 _aPandya Y
_9106498
245 _aCourtyard Houses Of India
260 _bMapin Publishing PVT Ltd
_c2022
_aAhmedabad
300 _a468p
_bHB
942 _cBK
999 _c367529
_d367529